Nomeie os países mais bonitos do mundo - Statistics

Estatísticas Gerais
  • Esse quiz foi jogado 70 vezes
  • A pontuação média é 3 de 10
Estatísticas das Respostas
Hint Resposta % Correto
I Islândia
58%
I Indonésia
54%
T Tailândia
48%
M Maldivas
42%
G Grécia
40%
C Canadá
31%
C Croácia
21%
P Peru
21%
M Malta
15%
S Sri Lanka
6%
Nenhum quiz correspondente encontrado
Distribuição das Pontuações
Porcentagem de Pessoas com Cada Pontuação
Percentil de Números Respondidos
Sua Pontuação Histórica
Você não jogou esse quiz